| 000 | 01175nam a22002777a 4500 | ||
|---|---|---|---|
| 999 |
_c61795 _d61795 |
||
| 005 | 20240530110516.0 | ||
| 008 | 160203s2013 ua akk f b 000 0 ara d | ||
| 017 |
_a2012/2118 _bمصر . دار الكتب المصرية |
||
| 020 | _a9789773222926 | ||
| 040 | _aEG-CaGPL | ||
| 082 | 0 | 4 |
_221 _a780.9\ _bم ت |
| 245 | 0 | 2 |
_aالتاريخ والموسيقى : _bدراسات فى تاريخ الموسيقى فى مصر وسويسرا / _cتحرير محمد عفيفى ، نهلة مطر |
| 250 | _aط1 | ||
| 260 |
_aالقاهرة : _bعين للدراسات و البحوث الانسانية و الاجتماعية ، _c2013 . |
||
| 300 |
_a206 ص : _bايض ؛ _c24 سم + _eملاحق . |
||
| 504 | _aيشتمل على ارجاعات ببليوجرافية | ||
| 650 | 0 | 4 |
_aالموسيقى _xتاريخ و نقد |
| 650 | 0 | 4 |
_aالموسيقى _xايقاع |
| 650 | 0 | 4 | _aالانغام الموسيقية |
| 650 | 0 | 4 | _aالموسيقى المصرية |
| 650 | 0 | 4 | _aالموسيقى السويسرية |
| 700 | 0 |
_aمحمد عفيفى _eمحرر |
|
| 700 | 0 |
_aنهلة مطر _eمحرر |
|
| 942 |
_2ddc _cBK |
||